00505nam a2200157Ia 4500001000500000005001700005008004100022041000800063082001700071100003600088245017000124260000900294300002800303650000800331654000800339842520260306160608.0260306t2016||||xx |||||||||||||| ||spa|| aESP a370.985bP21 aPalomino Thompson, EduardoeAUT 0aRevisando la educación en el Perú del siglo XXI:bcuestionando políticas educativas y curriculares en la educación básica y en la educación universitaria c2016 a328 páginas :c25 cm. aGEN aCED